000 01324nam a2200385 a 4500
999 _c79152
_d79152
003 BLK
005 20241127122417.0
008 180408b bul|||||r ||||||| ||bul||
010 _aKNG00083625000
020 _a954-446-020-9
040 _aBLK
041 _aBUL
_cBUL
080 _aАмериканска литература (на САЩ)
_b821.111(73)
_x-93-91
_z821.111(73)-93-91
139 _aЧестита Коледа
_bЧ 74
245 1 0 _aЧестита Коледа
_bПриказки
_cпрев. от нем. Ивета Милчева.
257 _aUSA
260 _bЕгмонт България
_c1992
_aСофия
300 _a126 с.
_bс цв. ил.
_c29 см
380 _aDX
500 _aПрев. от нем. изд. ; Ориг. загл. на англ. ез. - Офс. изд. Изд. на Disney's.
653 _aКоледа
653 _aприказки
653 _aлитература за деца
653 _aдетска литература
700 1 _aМилчева, Ивета
_eпрев. от нем.
_9299063
852 _aЦб ІІ 12671
856 4 _qpdf
856 4 _qpdf
942 _cKNG
_n0
_s1
_09
944 _aCR
_c08.05.2008
_k30551
_lБояна Костадинова
944 _aED
_c21.05.2008
999 _d79152
999 _d79152
999 _d79152